Advaita Vedanta : (Record no. 133353)
[ view plain ]
| 000 -LEADER | |
|---|---|
| fixed length control field | 00608nam a22002177a 4500 |
| 005 - DATE AND TIME OF LATEST TRANSACTION | |
| control field | 20170124110208.0 |
| 010 ## - LIBRARY OF CONGRESS CONTROL NUMBER | |
| LC control number | 360015 |
| 020 ## - INTERNATIONAL STANDARD BOOK NUMBER | |
| Terms of availability | 00.00 |
| 035 ## - SYSTEM CONTROL NUMBER | |
| System control number | 360015 |
| 037 ## - SOURCE OF ACQUISITION | |
| Source of stock number/acquisition | Cen Lib/Ret |
| 040 ## - CATALOGING SOURCE | |
| Original cataloging agency | DPL |
| Language of cataloging | EN |
| 082 ## - DEWEY DECIMAL CLASSIFICATION NUMBER | |
| Classification number | 181.46 |
| Item number | VIV |
| 100 ## - MAIN ENTRY--PERSONAL NAME | |
| Personal name | Vivekananda, Swami |
| 9 (RLIN) | 9657 |
| 245 ## - TITLE STATEMENT | |
| Title | Advaita Vedanta : |
| Statement of responsibility, etc | by Swami Vivekananda |
| Remainder of title | the scientific religion / |
| 260 ## - PUBLICATION, DISTRIBUTION, ETC. (IMPRINT) | |
| Place of publication, distribution, etc | Calcutta |
| Name of publisher, distributor, etc | Advaita Ashrama |
| Date of publication, distribution, etc | 1962 |
| 270 ## - ADDRESS | |
| City | Calcutta |
| Address | 5 Chintamani Das Lane |
| 300 ## - PHYSICAL DESCRIPTION | |
| Extent | 73p. |
| Dimensions | 18cm(Hb) |
| 650 ## - SUBJECT ADDED ENTRY--TOPICAL TERM | |
| Topical term or geographic name as entry element | Advaita |
| 9 (RLIN) | 11921 |
| 650 ## - SUBJECT ADDED ENTRY--TOPICAL TERM | |
| Topical term or geographic name as entry element | Philosophy |
| 9 (RLIN) | 37697 |
| 942 ## - ADDED ENTRY ELEMENTS (KOHA) | |
| Source of classification or shelving scheme | Dewey Decimal Classification |
| Koha item type | English Books |
| Classification part | 181.46 |
| Call number suffix | VIV |
| Withdrawn status | Lost status | Damaged status | Not for loan | Home library | Current library | Date acquired | Source of acquisition | Cost, normal purchase price | Total Checkouts | Full call number | Barcode | Date last seen | Date checked out | Copy number | Cost, replacement price | Price effective from | Koha item type |
|---|---|---|---|---|---|---|---|---|---|---|---|---|---|---|---|---|---|
| Central Library | Central Library | 25/07/2015 | Cen Lib/Ret | 0.00 | 3 | 181.46 VIV | 360015 | 30/12/2024 | 09/12/2024 | 1 | 0.00 | 25/07/2015 | English Books |
